000 00503nab a22001457 4500
003 ES-SlBCS
005 20220401171024.0
008 220401s2021 it ||||| |||| 00| 0 ita d
040 _aES-SlBCS
_bspa
041 _aita
100 1 _aIocco, Gemmo
_9409763
245 1 4 _aThe Boundaries of our Inner Life. Meinong and Scheler on Representation, Feeling and Value
_cGemmo Iocco
773 0 _gVol. 113, fasc. 4, 2021, págs. 933-944
_tRivista di Filosofia Neo-Scolastica
_wRev392
_x0035-6247
942 _2lcc
_cAR
999 _c879865
_d879865